| 000 | 01142nas a2200373 4500 | ||
|---|---|---|---|
| 001 | BR0602924 | ||
| 003 | BR-BrBNA | ||
| 005 | 20231205110103.0 | ||
| 007 | ta | ||
| 008 | 230509b bl.|||p| |||| 00| 00por d | ||
| 040 |
_aBR-BrBNA _bpor _cBiblioteca Nacional de Agricultura |
||
| 041 | _a(Pt) | ||
| 072 | _aF30; H10 | ||
| 100 | 1 | _aMedeiros, P.T. | |
| 100 | 1 | _aFerreira, M. do N. | |
| 100 | 1 | _aMartins, É.S. | |
| 100 | 1 | _aGomes, A.C.M.M. | |
| 100 | 1 | _aFalcão, R. | |
| 100 | 1 | _aDias, J.M.C. de S. | |
| 100 | 1 | _aMonnerat, R.G. | |
| 245 | 1 | _aSeleção e caracterização de estirpes de Bacillus thuringiensis efetivas no controle da traça-das-crucíferas Plutella xylostella | |
| 650 | _aBACTÉRIA | ||
| 650 | _aTRAÇA DAS CRUCÍFERAS | ||
| 650 | _aSELEÇÃO | ||
| 650 | _aESTIRPE | ||
| 650 | _aINSETICIDA BACTERIANO | ||
| 650 | _aBANCO DE GERMOPLASMA | ||
| 650 | _aMORTALIDADE | ||
| 650 | _aPROTEÍNA | ||
| 650 | _aGENE | ||
| 773 | 0 |
_tPesquisa Agropecuária Brasileira (Brazil) _xISSN 0100-204X _g(Nov 2005), v. 40(11) p. 1145-1148 _wBR0602924 |
|
| 909 |
_a202311 _bLúcia _c55 _dLúcia Elande |
||
| 942 |
_2AGRIS _n0 _cANA |
||
| 999 |
_c186150 _d186150 |
||